000 00554nam a2200217Ia 4500
003 0100
008 130227s9999 xx 000 0 und d
040 _cARRUPELIB
050 _aBL2775.3.D393J77 2007
100 _aJones, kathleen
245 _aChallenging Richard Dawkins
260 _aNorwich
260 _bCanterbury Press
260 _C2007
300 _axii
300 _b 221p. 21cm.
650 _bEscriva de Balaquer, Jose Maria, St
650 _cJose Maria Escriva de Balaquer, St
650 _dOpus Dei (Society)
942 _2lcc
_02
999 _c5649
_d5649